000 00296nam a22001337a 4500
020 _a0-7472-3092-7
082 _a823
_bSOM/S
100 _aSOM TOM, SP
245 _aSHATTERED HORSE
260 _aLONDON
_bHEADLINE BOOK PUBLISHING
300 _a464
650 _aENGLISH NOVEL
_zLONDON
942 _cBK
999 _c3245
_d3245